| 000 | 00547nam a22001937a 4500 | ||
|---|---|---|---|
| 003 | BUBTL | ||
| 008 | 160502b xxu||||| |||| 00| 0 eng d | ||
| 020 | _a9788131509715 | ||
| 082 | _a515 / St491c | ||
| 100 |
_9629 _aStewart,James |
||
| 245 |
_aCalculus : _bwith Early Transcendental Functions / _cJames Stewart |
||
| 260 |
_aAndover : _bCengage Learning, _cc2008. |
||
| 300 |
_a1313 p. : _c24 cm. |
||
| 500 | _aIncludes Index | ||
| 650 | 0 |
_9124 _aMathematics |
|
| 856 |
_k0 _l0 _yDownload |
||
| 942 |
_2ddc _cBK |
||
| 999 |
_c5255 _d5255 |
||